| 000 | 00648cam a2200205 4500500 | ||
|---|---|---|---|
| 005 | 20260405001923.0 | ||
| 041 | _afre | ||
| 042 | _adc | ||
| 100 | 1 | 0 |
_aPerragin, Charles _eauthor |
| 245 | 0 | 0 | _aNathalie Sarthou-Lajus: “S’ouvrir à l’infini pour mieux se décentrer” |
| 260 | _c2015. | ||
| 500 | _a69 | ||
| 690 | _aCosmos | ||
| 690 | _aMétaphysique | ||
| 690 | _aNathalie Sarthou-Lajus | ||
| 690 | _aPascal | ||
| 690 | _aUnivers | ||
| 786 | 0 | _nPhilosophie magazine | 86 | 2 | 2015-02-01 | p. 14-14 | 1951-1787 | |
| 856 | 4 | 1 | _uhttps://shs.cairn.info/magazine-philosophie-magazine-2015-2-page-14?lang=fr&redirect-ssocas=7080 |
| 999 |
_c2052368 _d2052368 |
||